Teraz hlbšie do peňaženky Na zaniknuvší krasokorčuliarsky oddiel TJ VSŽ nadviazalo Kraso Centrum

Bibliographic Details
Main Author: Vrtiš, Ján (Author)
Corporate Author: Kraso Centrum Košice (krasokorčuliarsky oddiel) (Author)
Format: Article
Language:Slovak
PhysicalDescription:1 obr.
Subjects:

MARC

LEADER 00000nab a2200000 a 4500
001 vtls000901886
003 SK-MaSNL
005 20260302175814.0
008 040720e19991020xo 0 slo
035 |a KE10866 
040 |a KEVKJB  |b slo  |c KEVKJB  |e AACR2 
041 0 |a slo 
044 |a xo  |c SK 
080 |a 796.912  |2 1981 
100 1 |a Vrtiš, Ján  |4 aut  |9 877638 
245 1 0 |a Teraz hlbšie do peňaženky  |b Na zaniknuvší krasokorčuliarsky oddiel TJ VSŽ nadviazalo Kraso Centrum 
300 |b 1 obr. 
610 2 7 |a Kraso Centrum (Košice, Slovensko)   |2 KEVKJB  |9 877865 
610 2 7 |a Krasokorčuliarsky oddiel TJ VSŽ  |2 KEVKJB  |9 877866 
650 0 7 |a krasokorčuľovanie  |2 KEVKJB  |9 3255 
650 0 7 |a oddiely krasokorčuliarske  |2 KEVKJB  |9 887870 
650 0 7 |a vznik  |2 KEVKJB  |9 315833 
650 0 7 |a informácie  |2 KEVKJB  |9 1285 
651 7 |a Košice (Slovensko)  |2 KEVKJB  |9 18694 
651 7 |a KE,  |2 KEVKJB  |9 877256 
655 7 |a periodikum  |2 snkbucl  |9 29553 
710 2 |a Kraso Centrum Košice (krasokorčuliarsky oddiel)  |4 aut  |9 877868 
773 0 8 |t Košický večer  |g Roč. 10  |g Roč. 31, č.202, 20.10.1999, s. 15 
852 |a ZVYKNI  |b KIS3GCP 
999 |c 1408348  |d 1410278